[Event "DBMM 2015 (XV.)"]
[Site "München"]
[Date "2015.10.23"]
[Round "6.4"]
[White "Launert, Martin Dr"]
[Black "Büscher, Henrik Dr"]
[Result "1/2-1/2"]
[WhiteElo "1858"]
[BlackElo "2112"]
[PlyCount "50"]
[EventDate "2015.10.24"]
[EventCountry "GER"]
[WhiteTeam "R+V Versicherungen Wiesbaden 1"]
[BlackTeam "Allianz Global Investors Ffm 1"]

1. e4 c6 2. d4 d5 3. Nc3 dxe4 4. Nxe4 Nf6 5. Ng3 h5 6. h4 Bg4 7. Be2 Qc7 8. Bg5
Nbd7 9. Bxg4 Nxg4 10. Qf3 g6 11. O-O-O Ndf6 12. Nh3 Bg7 13. Ne4 O-O-O 14. Nxf6
exf6 15. Bf4 Qa5 16. Kb1 Rhe8 17. Bg3 Bh6 18. Qc3 Qxc3 19. bxc3 Re2 20. Rhe1
Rde8 21. Rxe2 Rxe2 22. Ng1 Re6 23. Nf3 Re2 24. Ng1 Re6 25. Nf3 Re2 1/2-1/2

[Event "DBMM 2015 (XV.)"]
[Site "München"]
[Date "2015.10.23"]
[Round "6.1"]
[White "IM Seger, Rüdiger"]
[Black "Mooser, Stefan"]
[Result "1/2-1/2"]
[WhiteElo "2364"]
[BlackElo "2148"]
[PlyCount "43"]
[EventDate "2015.10.24"]
[EventCountry "GER"]
[WhiteTeam "Deutsche Post Bonn 1"]
[BlackTeam "Flughafen München 1"]

1. e4 c5 2. c3 d5 3. exd5 Qxd5 4. d4 Nf6 5. Nf3 Bg4 6. Be2 e6 7. h3 Bh5 8. O-O
Nc6 9. Be3 cxd4 10. cxd4 Be7 11. Nc3 Qd6 12. Qb3 O-O 13. Rfd1 Nb4 14. Rac1 Nbd5
15. Nxd5 Nxd5 16. g4 Bg6 17. Ne5 Be4 18. Nc4 Qb8 19. Nd2 Nxe3 20. Qxe3 Bd5 21.
Ne4 Bd6 22. Nxd6 1/2-1/2

[Event "DBMM 2015 (XV.)"]
[Site "München"]
[Date "2015.10.23"]
[Round "6.2"]
[White "Eggerer, Stefan"]
[Black "Gikas, Andreas Basilius"]
[Result "1-0"]
[WhiteElo "2156"]
[BlackElo "2208"]
[PlyCount "93"]
[EventDate "2015.10.24"]
[EventCountry "GER"]
[WhiteTeam "Flughafen München 1"]
[BlackTeam "Deutsche Post Bonn 1"]

1. e4 Nf6 2. e5 Nd5 3. d4 d6 4. Nf3 dxe5 5. Nxe5 c6 6. Bd3 Nd7 7. c3 g6 8. O-O
Nxe5 9. dxe5 Be6 10. Na3 Bg7 11. Re1 O-O 12. Nc2 Qd7 13. Nd4 Nc7 14. Nxe6 Nxe6
15. Bc4 Rad8 16. Qb3 b5 17. Bxe6 Qxe6 18. Qxe6 fxe6 19. Be3 Rd7 20. Red1 Rfd8
21. Rxd7 Rxd7 22. f4 g5 23. g3 Kf7 24. Kf2 Kg6 25. a4 gxf4 26. gxf4 Kf5 27.
axb5 cxb5 28. Kf3 Bh6 29. Rg1 Rd3 30. Rg8 a5 31. Rh8 Rxe3+ 32. Kxe3 Bxf4+ 33.
Kd3 b4 34. Rxh7 Bxe5 35. h4 bxc3 36. bxc3 Bf6 37. Rh5+ Kf4 38. Rxa5 e5 39. Ra4+
Kf5 40. Re4 e6 41. c4 Be7 42. h5 Bf8 43. Re1 Bd6 44. Rf1+ Kg5 45. Ke4 Kxh5 46.
Rf6 Bb4 47. Kxe5 1-0

[Event "DBMM 2015 (XV.)"]
[Site "München"]
[Date "2015.10.23"]
[Round "6.3"]
[White "Lunnebach, Oliver"]
[Black "Braun, Christoph"]
[Result "0-1"]
[WhiteElo "2120"]
[BlackElo "2143"]
[PlyCount "110"]
[EventDate "2015.10.24"]
[EventCountry "GER"]
[WhiteTeam "Deutsche Post Bonn 1"]
[BlackTeam "Flughafen München 1"]

1. d4 f5 2. e4 fxe4 3. Nc3 Nf6 4. Bg5 Nc6 5. f3 d5 6. Qd2 Bf5 7. Bxf6 exf6 8.
Bb5 Bb4 9. a3 Bxc3 10. Qxc3 Qd6 11. Ne2 exf3 12. gxf3 O-O 13. O-O-O a6 14. Bd3
Bxd3 15. Qxd3 Rfe8 16. Rd2 Na5 17. Nc3 Re7 18. Qf5 c6 19. Rg2 Rae8 20. Rhg1
Re1+ 21. Nd1 Rxg1 22. Rxg1 Nc4 23. h4 Qe6 24. Qf4 Nd6 25. h5 Re7 26. Kb1 Kf8
27. Qg3 Ke8 28. Ne3 b5 29. Nd1 Nf5 30. Qb8+ Kf7 31. Qh8 h6 32. Ka2 Re8 33. Qh7
Ke7 34. Nf2 Kd6 35. Nd3 Qc8 36. Rg4 Re7 37. Rf4 Ne3 38. Nc5 a5 39. Qg6 Kc7 40.
Qd3 Qe8 41. Qc3 Nc4 42. b3 Re3 43. Nd3 Kb6 44. bxc4 dxc4 45. d5 cxd3 46. Re4
Rxe4 47. fxe4 cxd5 48. Qd4+ Ka6 49. cxd3 dxe4 50. dxe4 Qe6+ 51. Kb1 Qe5 52. Qd3
a4 53. Kc2 Kb7 54. Kd2 Kc7 55. Ke1 f5 0-1

[Event "DBMM 2015 (XV.)"]
[Site "München"]
[Date "2015.10.23"]
[Round "6.4"]
[White "Däbritz, Hans-Jörg"]
[Black "Biedeköpper, Robert"]
[Result "1/2-1/2"]
[WhiteElo "1907"]
[BlackElo "2021"]
[PlyCount "54"]
[EventDate "2015.10.24"]
[EventCountry "GER"]
[WhiteTeam "Flughafen München 1"]
[BlackTeam "Deutsche Post Bonn 1"]

1. d4 Nf6 2. c4 e6 3. Nc3 Bb4 4. Bd2 O-O 5. Nf3 b6 6. a3 Bxc3 7. Bxc3 Ne4 8.
Rc1 Bb7 9. e3 d6 10. Bd3 f5 11. O-O Nd7 12. b4 Rf6 13. Bb2 Rh6 14. Be2 g5 15.
d5 e5 16. Nd2 Nxd2 17. Qxd2 g4 18. g3 Qg5 19. f4 gxf3 20. Rxf3 Nf6 21. Rcf1 Bc8
22. Bd3 Ng4 23. h4 Qg7 24. Bxf5 Bxf5 25. Rxf5 Nf6 26. Qg2 Rg6 27. R5f3 Ne4
1/2-1/2

[Event "DBMM 2015 (XV.)"]
[Site "München"]
[Date "2015.10.23"]
[Round "6.1"]
[White "IM Telljohann, Sven"]
[Black "Lotzien, Hans"]
[Result "1/2-1/2"]
[WhiteElo "2404"]
[BlackElo "2153"]
[PlyCount "50"]
[EventDate "2015.10.24"]
[EventCountry "GER"]
[WhiteTeam "DekaBankDGZ 1"]
[BlackTeam "BM Ernährung Landwirtschaft"]

1. Nf3 d5 2. g3 c6 3. Bg2 Nf6 4. O-O Bf5 5. d3 Nbd7 6. c4 e6 7. Be3 dxc4 8.
dxc4 Bc5 9. Bxc5 Nxc5 10. Nc3 h6 11. b4 Nce4 12. Qb3 Nxc3 13. Qxc3 O-O 14. Rfd1
Qc7 15. Nd4 Bg6 16. Rd2 e5 17. Nb3 Rad8 18. Rad1 Rxd2 19. Qxd2 Bf5 20. Na5 Be6
21. a3 Re8 22. Qd3 e4 23. Qd6 Qc8 24. e3 Bd7 25. Nb3 Bh3 1/2-1/2

[Event "DBMM 2015 (XV.)"]
[Site "München"]
[Date "2015.10.23"]
[Round "6.2"]
[White "Hemmann, Arnold"]
[Black "Fulea, Dan Dr"]
[Result "1/2-1/2"]
[WhiteElo "2180"]
[BlackElo "2193"]
[PlyCount "45"]
[EventDate "2015.10.24"]
[EventCountry "GER"]
[WhiteTeam "BM Ernährung Landwirtschaft"]
[BlackTeam "DekaBankDGZ 1"]

1. e4 c5 2. b3 e5 3. Bb2 Nc6 4. Bc4 Nf6 5. Nc3 Be7 6. Nge2 O-O 7. O-O Nxe4 8.
Nxe4 d5 9. Bd3 dxe4 10. Bxe4 Nd4 11. Bd3 Bg4 12. f3 Bh5 13. Ng3 Bg6 14. Be4 Qb6
15. c3 Ne6 16. c4 Bf6 17. Qc2 Rad8 18. Bxg6 hxg6 19. Bc3 Nd4 20. Qe4 Rfe8 21.
Rae1 Bg5 22. Qb1 Bh4 23. Qe4 1/2-1/2

[Event "DBMM 2015 (XV.)"]
[Site "München"]
[Date "2015.10.23"]
[Round "6.4"]
[White "Müller-Boge, Michael"]
[Black "Ortinau, Peter"]
[Result "1/2-1/2"]
[WhiteElo "1987"]
[BlackElo "2070"]
[PlyCount "82"]
[EventDate "2015.10.24"]
[EventCountry "GER"]
[WhiteTeam "BM Ernährung Landwirtschaft"]
[BlackTeam "DekaBankDGZ 1"]

1. e4 e5 2. Bc4 Nf6 3. d3 Bc5 4. Nf3 Nc6 5. c3 d6 6. Bb3 h6 7. Nbd2 O-O 8. h3
d5 9. Qe2 Re8 10. Nf1 dxe4 11. dxe4 Be6 12. Bc2 Qe7 13. Ng3 a6 14. Nh4 Qd7 15.
Ngf5 Bf8 16. g4 Ne7 17. Qf3 Nh7 18. Ng2 f6 19. h4 Nxf5 20. gxf5 Bf7 21. Qg3 Kh8
22. O-O Bc5 23. Kh1 Rg8 24. b4 Bb6 25. f4 exf4 26. Nxf4 c6 27. Bb3 Bc7 28. Ng6+
Bxg6 29. Qxg6 Rge8 30. Rd1 Qe7 31. Re1 Qe5 32. Qg2 Qxc3 33. Rg1 Re7 34. Bxh6
Ng5 35. Bxg5 fxg5 36. Qg4 g6 37. fxg6 Kg7 38. Raf1 Rh8 39. Rf3 Qd2 40. Rh3 Qf2
41. hxg5 Qh2+ 1/2-1/2

[Event "DBMM 2015 (XV.)"]
[Site "München"]
[Date "2015.10.23"]
[Round "6.1"]
[White "Kühn, Patrick"]
[Black "Demir, Bilal"]
[Result "1/2-1/2"]
[WhiteElo "2206"]
[BlackElo "2099"]
[PlyCount "40"]
[EventDate "2015.10.24"]
[EventCountry "GER"]
[WhiteTeam "Fiducia IT 1"]
[BlackTeam "SV Osram Augsburg 1"]

1. e4 e5 2. Nf3 d6 3. Bc4 Be7 4. O-O Nf6 5. Re1 O-O 6. d3 c6 7. Bb3 Nbd7 8. c3
Nc5 9. Bc2 Bg4 10. d4 Ncd7 11. h3 Bh5 12. dxe5 dxe5 13. Nbd2 Qc7 14. Nf1 Rad8
15. Ng3 Bg6 16. Qe2 Rfe8 17. Nh4 Nc5 18. Nhf5 Bf8 19. Bg5 Ne6 20. Bxf6 Nf4
1/2-1/2

[Event "DBMM 2015 (XV.)"]
[Site "München"]
[Date "2015.10.23"]
[Round "6.2"]
[White "Czap, Bernard"]
[Black "Hofbauer, Bernhard"]
[Result "1-0"]
[WhiteElo "2073"]
[BlackElo "1954"]
[PlyCount "99"]
[EventDate "2015.10.24"]
[EventCountry "GER"]
[WhiteTeam "SV Osram Augsburg 1"]
[BlackTeam "Fiducia IT 1"]

1. Nf3 Nf6 2. c4 d5 3. cxd5 Nxd5 4. Nc3 Nxc3 5. bxc3 g6 6. g3 Bg7 7. Bg2 O-O 8.
O-O Nd7 9. d4 e5 10. Bg5 Qe8 11. Rc1 e4 12. Nd2 f5 13. f3 exf3 14. exf3 Nb6 15.
Re1 Qa4 16. Qb3+ Qxb3 17. axb3 Bd7 18. f4 c6 19. Nf3 Rae8 20. Be7 Rf7 21. Bd6
Nc8 22. Ba3 h6 23. Rxe8+ Bxe8 24. Re1 Bd7 25. Bf1 Nb6 26. Ne5 Bxe5 27. fxe5 Be6
28. c4 f4 29. Bc1 fxg3 30. hxg3 Kg7 31. Bg2 Rd7 32. Bb2 a5 33. Ra1 a4 34. c5
Nd5 35. bxa4 Ne3 36. Be4 Nf5 37. Bxf5 gxf5 38. a5 Kg6 39. Kf2 Bd5 40. Bc1 Be6
41. Be3 Bd5 42. Bf4 Re7 43. Rb1 Rd7 44. Rb2 Re7 45. Ke3 Kg7 46. Rh2 Re6 47. Rh5
Be4 48. g4 Kg6 49. Rxh6+ Kf7 50. Rh7+ 1-0

[Event "DBMM 2015 (XV.)"]
[Site "München"]
[Date "2015.10.23"]
[Round "6.3"]
[White "Strasser, Josef"]
[Black "Jermann, Frank Dr"]
[Result "1/2-1/2"]
[WhiteElo "1881"]
[BlackElo "2140"]
[PlyCount "153"]
[EventDate "2015.10.24"]
[EventCountry "GER"]
[WhiteTeam "Fiducia IT 1"]
[BlackTeam "SV Osram Augsburg 1"]

1. e4 d5 2. exd5 Qxd5 3. Nc3 Qd6 4. g3 Nf6 5. Bg2 Bg4 6. Bf3 Bxf3 7. Nxf3 c6 8.
d3 Nbd7 9. Qe2 e6 10. a3 Qc7 11. Be3 Bd6 12. Nd2 Nd5 13. Nxd5 cxd5 14. c3 O-O
15. O-O b5 16. Rac1 e5 17. d4 Rab8 18. f4 e4 19. Kg2 f5 20. Rc2 a6 21. Rfc1 Nb6
22. Qf1 Rb7 23. Qe2 Rfb8 24. Qe1 Nc4 25. Nxc4 bxc4 26. Qe2 Rb6 27. Rd1 Qf7 28.
Bc1 Re8 29. Be3 Bc7 30. Re1 Kh8 31. Kh1 Rf6 32. Rf1 a5 33. Qf2 h6 34. Qe1 Kh7
35. Rcf2 Rb8 36. Bc1 Bd6 37. Re2 Qh5 38. Re3 g5 39. Re2 g4 40. Qf2 Qe8 41. Qe1
Qa4 42. Qd1 Qd7 43. Rff2 Kg7 44. Re3 Qe8 45. Ree2 h5 46. Kg1 Rh6 47. Rg2 Kf6
48. Kf2 Qb5 49. Ke3 Rbh8 50. Qc2 h4 51. Re1 Ke6 52. Ree2 Rh5 53. Ref2 R8h6 54.
Ke2 Kd7 55. Qd1 Kc6 56. Qc2 Kb6 57. Qd1 a4 58. Qc2 Ka5 59. Qd1 Qe8 60. Ke3 Qh8
61. Qe2 hxg3 62. hxg3 Rh1 63. Rf1 R6h2 64. Rxh2 Rxh2 65. Rf2 Rxf2 66. Qxf2 Qh1
67. Kd2 Kb5 68. Kc2 Kc6 69. Kd2 Kd7 70. Kc2 Ke6 71. Kd2 Kf7 72. Kc2 Kg6 73. Kd2
Be7 74. Kc2 Qf3 75. Qxf3 gxf3 76. Kd2 Kh5 77. Ke1 1/2-1/2

[Event "DBMM 2015 (XV.)"]
[Site "München"]
[Date "2015.10.23"]
[Round "6.4"]
[White "Rubke, Manfred"]
[Black "Rosenberger, Josef"]
[Result "1-0"]
[WhiteElo "2123"]
[BlackElo "1596"]
[PlyCount "77"]
[EventDate "2015.10.24"]
[EventCountry "GER"]
[WhiteTeam "SV Osram Augsburg 1"]
[BlackTeam "Fiducia IT 1"]

1. c4 Nf6 2. f4 Nc6 3. d4 e6 4. Nf3 d5 5. e3 Bb4+ 6. Bd2 Bxd2+ 7. Nbxd2 O-O 8.
Bd3 b6 9. a3 a5 10. O-O Ba6 11. Qc2 h6 12. Rac1 dxc4 13. Bxc4 Bxc4 14. Qxc4 Ne7
15. e4 c6 16. Rc2 b5 17. Qe2 Nd7 18. g4 f6 19. f5 e5 20. dxe5 Nxe5 21. Nxe5
Qd4+ 22. Kh1 Qxe5 23. Nf3 Qb8 24. Rd1 Rd8 25. Rcd2 Qc7 26. Nd4 Qe5 27. Ne6 Rxd2
28. Rxd2 Re8 29. Kg2 Kh7 30. Kf3 g6 31. Qd3 gxf5 32. gxf5 Qb8 33. Rg2 Rg8 34.
Qd7 Re8 35. Rg7+ Kh8 36. Rxe7 Rxe7 37. Qxe7 Qg8 38. Qxf6+ Kh7 39. Nf8+ 1-0

[Event "DBMM 2015 (XV.)"]
[Site "München"]
[Date "2015.10.23"]
[Round "6.1"]
[White "Bintakies, Michael"]
[Black "Mueller, Joerg"]
[Result "1/2-1/2"]
[WhiteElo "2190"]
[BlackElo "2112"]
[PlyCount "103"]
[EventDate "2015.10.24"]
[EventCountry "GER"]
[WhiteTeam "Bayerische Landesbank 1"]
[BlackTeam "SV Rapid Unilever Hamburg"]

1. d4 Nf6 2. Nf3 g6 3. Nbd2 Bg7 4. e4 d6 5. Bd3 O-O 6. O-O c6 7. a4 Qc7 8. c3
e5 9. dxe5 dxe5 10. Nc4 Nbd7 11. b3 Re8 12. Ba3 c5 13. Qc2 b6 14. Ne3 Bb7 15.
Nd2 Nf8 16. Bc4 Ne6 17. f3 Rad8 18. Rfd1 Bh6 19. Ndf1 a6 20. Rxd8 Nxd8 21. Rd1
Ne6 22. Bc1 Bg7 23. Nd5 Nxd5 24. Bxd5 b5 25. axb5 axb5 26. Bxe6 Rxe6 27. Qd3
Qc6 28. Ne3 Bf8 29. Nd5 c4 30. bxc4 bxc4 31. Qe2 Qa4 32. Be3 Qb3 33. Qe1 Bxd5
34. exd5 Re8 35. d6 Rd8 36. d7 Qb5 37. Qd2 Bc5 38. Bxc5 Qxc5+ 39. Kf1 f6 40.
Qd5+ Qxd5 41. Rxd5 Kf7 42. Ke2 Ke6 43. Rc5 Rxd7 44. Rxc4 Kd5 45. Rc8 f5 46. g3
Ra7 47. Ke3 g5 48. Rd8+ Ke6 49. Re8+ Kf6 50. Rf8+ Ke6 51. Re8+ Kd6 52. Rd8+
1/2-1/2

[Event "DBMM 2015 (XV.)"]
[Site "München"]
[Date "2015.10.23"]
[Round "6.2"]
[White "Ristic, Sreten"]
[Black "Bonacci, Mauro Dr"]
[Result "0-1"]
[WhiteElo "1901"]
[BlackElo "2142"]
[PlyCount "80"]
[EventDate "2015.10.24"]
[EventCountry "GER"]
[WhiteTeam "SV Rapid Unilever Hamburg"]
[BlackTeam "Bayerische Landesbank 1"]

1. c4 Nf6 2. e3 e5 3. Qc2 Nc6 4. a3 g6 5. d3 Bg7 6. Nf3 d5 7. cxd5 Nxd5 8. Nbd2
O-O 9. Be2 Qe7 10. Rb1 a5 11. b3 Be6 12. Bb2 f6 13. Rc1 Bf7 14. O-O Nb6 15. Ne4
Nd7 16. Kh1 Kh8 17. Rg1 f5 18. Neg5 Bg8 19. g4 h6 20. Nh3 fxg4 21. Rxg4 Be6 22.
Rg3 g5 23. Nhxg5 hxg5 24. Rxg5 Rf5 25. Rg3 Bh6 26. Rh3 Rf6 27. Rh5 Bf7 28. Rh4
Rg6 29. d4 exd4 30. Nxd4 Nxd4 31. Bxd4+ Kg8 32. Re4 Bd5 33. Bc4 Qg5 34. Bxd5+
Qxd5 35. f3 Qf7 36. Qc4 Qxc4 37. bxc4 Rf8 38. Rf1 Kf7 39. Rg4 c5 40. Rxg6 Kxg6
0-1

[Event "DBMM 2015 (XV.)"]
[Site "München"]
[Date "2015.10.23"]
[Round "6.3"]
[White "Luft, Martin"]
[Black "Amini, Mahmood"]
[Result "1-0"]
[WhiteElo "2114"]
[BlackElo "1699"]
[PlyCount "27"]
[EventDate "2015.10.24"]
[EventCountry "GER"]
[WhiteTeam "Bayerische Landesbank 1"]
[BlackTeam "SV Rapid Unilever Hamburg"]

1. d4 e6 2. Nf3 d5 3. e3 Nf6 4. Bd3 c6 5. O-O Bd6 6. b3 O-O 7. Nbd2 Nbd7 8. Bb2
Re8 9. Ne5 h6 10. f4 c5 11. Rf3 b6 12. Rh3 Bb7 13. Qf3 Kh8 14. Nxf7+ 1-0

[Event "DBMM 2015 (XV.)"]
[Site "München"]
[Date "2015.10.23"]
[Round "6.4"]
[White "Kazemi Sresht, Rahim"]
[Black "Daurer, Walter"]
[Result "0-1"]
[WhiteElo "1524"]
[BlackElo "2007"]
[PlyCount "95"]
[EventDate "2015.10.24"]
[EventCountry "GER"]
[WhiteTeam "SV Rapid Unilever Hamburg"]
[BlackTeam "Bayerische Landesbank 1"]

1. e4 c5 2. Nf3 Nc6 3. d4 cxd4 4. Nxd4 Nf6 5. Nc3 d6 6. Be2 e5 7. Nb3 Be6 8.
Bg5 Be7 9. Bxf6 Bxf6 10. Nd5 Bxd5 11. exd5 Nb8 12. Bb5+ Nd7 13. O-O O-O 14. c3
a6 15. Be2 Rc8 16. Nd2 Nc5 17. b4 Nd7 18. Ne4 Be7 19. c4 f5 20. Nd2 e4 21. Nb3
Bf6 22. Rb1 Be5 23. f4 exf3 24. Rxf3 Qf6 25. Bd3 g6 26. Qf1 Qh4 27. Rh3 Qf6 28.
Kh1 Bc3 29. a3 Rfe8 30. Rg3 Be5 31. Rh3 Re7 32. Rf3 Qg7 33. Re1 Rce8 34. c5 Bc3
35. Rxe7 Rxe7 36. Be2 Qe5 37. Rf2 Kg7 38. c6 bxc6 39. dxc6 Nf6 40. Bxa6 Ng4 41.
Qg1 Nxf2+ 42. Qxf2 Qe1+ 43. Qg1 Qh4 44. h3 Re1 45. Bf1 Qf4 46. g3 Qf3+ 47. Qg2
Rxf1+ 48. Kh2 0-1

[Event "DBMM 2015 (XV.)"]
[Site "München"]
[Date "2015.10.23"]
[Round "6.1"]
[White "FM Gempe, Thomas"]
[Black "Tokarev, Igor"]
[Result "1-0"]
[WhiteElo "2210"]
[BlackElo "1988"]
[PlyCount "53"]
[EventDate "2015.10.24"]
[EventCountry "GER"]
[WhiteTeam "ADAC München 1"]
[BlackTeam "SV Osram Augsburg 2"]

1. d4 Nf6 2. c4 e6 3. Nc3 Bb4 4. Qc2 d5 5. cxd5 exd5 6. Bg5 c6 7. e3 Be6 8. Bd3
Nbd7 9. f4 Nb6 10. Nf3 Be7 11. O-O Nc8 12. Ne5 Nd6 13. Rae1 g6 14. Kh1 Bf5 15.
Bxf6 Bxf6 16. Bxf5 gxf5 17. g4 fxg4 18. Nxg4 O-O 19. Rf3 Bg7 20. f5 Bf6 21. Rh3
Kh8 22. Nh6 Qe7 23. Rg1 Rae8 24. b3 Ne4 25. Nxe4 Qxe4+ 26. Qxe4 Rxe4 27. Rhg3
1-0

[Event "DBMM 2015 (XV.)"]
[Site "München"]
[Date "2015.10.23"]
[Round "6.2"]
[White "Kolb, Wolfgang"]
[Black "Haas, Peter"]
[Result "1-0"]
[WhiteElo "2058"]
[BlackElo "2076"]
[PlyCount "61"]
[EventDate "2015.10.24"]
[EventCountry "GER"]
[WhiteTeam "SV Osram Augsburg 2"]
[BlackTeam "ADAC München 1"]

1. c4 e5 2. Nc3 Nf6 3. g3 Bb4 4. Nd5 Bc5 5. Bg2 c6 6. Nxf6+ Qxf6 7. e3 h5 8. h4
d6 9. Ne2 Bg4 10. d4 Bb6 11. dxe5 dxe5 12. Qc2 Bf3 13. O-O Bxg2 14. Kxg2 Nd7
15. e4 Qe7 16. Bd2 Nf8 17. b4 Ne6 18. c5 Bc7 19. Rad1 O-O-O 20. Be3 Rdg8 21. b5
cxb5 22. c6 b6 23. a4 b4 24. Qc4 Bd6 25. a5 Nc7 26. axb6 axb6 27. Bxb6 g5 28.
Ra1 gxh4 29. Bxc7 Bc5 30. Rad1 hxg3 31. Qa6+ 1-0

[Event "DBMM 2015 (XV.)"]
[Site "München"]
[Date "2015.10.23"]
[Round "6.4"]
[White "Roser, Ludwig"]
[Black "WFM Gempe, Anet"]
[Result "1/2-1/2"]
[WhiteElo "1776"]
[BlackElo "2045"]
[PlyCount "25"]
[EventDate "2015.10.24"]
[EventCountry "GER"]
[WhiteTeam "SV Osram Augsburg 2"]
[BlackTeam "ADAC München 1"]

1. d4 e6 2. Nf3 d5 3. e3 Nf6 4. Bd3 Be7 5. O-O O-O 6. Nbd2 b6 7. Qe2 Bb7 8. Ne5
Nbd7 9. f4 c5 10. c3 Ne4 11. Rf3 f5 12. Rh3 Ndf6 13. g4 1/2-1/2

[Event "DBMM 2015 (XV.)"]
[Site "München"]
[Date "2015.10.23"]
[Round "6.1"]
[White "Segerberg, Tomas"]
[Black "FM Koscielski, Janusz"]
[Result "0-1"]
[WhiteElo "2069"]
[BlackElo "2376"]
[PlyCount "38"]
[EventDate "2015.10.24"]
[EventCountry "GER"]
[WhiteTeam "Europäisches Patentamt Mü. 2"]
[BlackTeam "EKJ Herne und Wanne-Eickel"]

1. c4 g6 2. Nc3 Bg7 3. d4 Nf6 4. e4 d6 5. f3 O-O 6. Be3 c5 7. Nge2 Nc6 8. d5
Ne5 9. Ng3 h5 10. Be2 e6 11. O-O exd5 12. cxd5 a6 13. a4 Nh7 14. Qd2 h4 15. Nh1
f5 16. Nf2 Bd7 17. Nd3 Nc4 18. Qc1 Nxe3 19. Qxe3 Bd4 0-1

[Event "DBMM 2015 (XV.)"]
[Site "München"]
[Date "2015.10.23"]
[Round "6.3"]
[White "Jachs, Walter"]
[Black "Selmanaj, Agim"]
[Result "1-0"]
[WhiteElo "2003"]
[BlackElo "1599"]
[PlyCount "71"]
[EventDate "2015.10.24"]
[EventCountry "GER"]
[WhiteTeam "Europäisches Patentamt Mü. 2"]
[BlackTeam "EKJ Herne und Wanne-Eickel"]

1. e4 g6 2. d4 d6 3. Nc3 Bg7 4. f4 e5 5. dxe5 dxe5 6. Qxd8+ Kxd8 7. fxe5 Bxe5
8. Nf3 Bxc3+ 9. bxc3 c6 10. Bf4 Ke7 11. O-O-O Be6 12. Bd6+ Ke8 13. Kb2 Nd7 14.
Ng5 Bg4 15. Bc4 Nh6 16. Rd2 b5 17. Bb3 c5 18. Bd5 Rd8 19. h3 Be6 20. Nxe6 fxe6
21. Bxe6 Nb6 22. Rhd1 Nf7 23. Bc7 Na4+ 24. Kb3 Rxd2 25. Rxd2 Ke7 26. Bxf7 Kxf7
27. c4 a6 28. cxb5 axb5 29. c4 Re8 30. Rd7+ Ke6 31. Rxh7 Ra8 32. cxb5 Ra7 33.
Rg7 Kf6 34. Be5+ Kxe5 35. Rxa7 Nb6 36. Ra6 1-0

[Event "DBMM 2015 (XV.)"]
[Site "München"]
[Date "2015.10.23"]
[Round "6.4"]
[White "Rhein, Volker"]
[Black "Brendemühl, Bernd"]
[Result "1/2-1/2"]
[WhiteElo "1300"]
[BlackElo "1858"]
[PlyCount "58"]
[EventDate "2015.10.24"]
[EventCountry "GER"]
[WhiteTeam "EKJ Herne und Wanne-Eickel"]
[BlackTeam "Europäisches Patentamt Mü. 2"]

1. e4 c5 2. b3 Nc6 3. Nc3 d6 4. Nf3 Nf6 5. Be2 g6 6. Bb2 Bg7 7. d4 cxd4 8. Nxd4
O-O 9. Nxc6 bxc6 10. Bf3 Ba6 11. Be2 Qa5 12. Bxa6 Nxe4 13. O-O Qxa6 14. Na4
Bxb2 15. Nxb2 d5 16. Qd4 Qb6 17. Rad1 Qxd4 18. Rxd4 e5 19. Rd3 Rad8 20. Re3
Rfe8 21. Nd3 f6 22. f3 Nd6 23. Nb4 d4 24. Re2 c5 25. Nd5 Kg7 26. Rd1 Nb5 27. c4
dxc3 28. Rc2 Nd4 29. Nxf6 Kxf6 1/2-1/2

[Event "DBMM 2015 (XV.)"]
[Site "München"]
[Date "2015.10.24"]
[Round "6.1"]
[White "FM Gohil, Harry"]
[Black "Gebert Vangeel, Ralf"]
[Result "1/2-1/2"]
[WhiteElo "2282"]
[BlackElo "2041"]
[PlyCount "104"]
[EventDate "2015.10.??"]
[EventRounds "7"]
[EventCountry "GER"]
[SourceDate "2015.10.22"]
[WhiteTeam "Commerzbank/AGI Frankfurt II"]
[BlackTeam "SV Osram Berlin"]
[WhiteTeamCountry "GER"]
[BlackTeamCountry "GER"]

1. d4 d5 2. Nf3 Nf6 3. e3 c5 4. b3 Nc6 5. Bb2 cxd4 6. exd4 Bg4 7. Nbd2 e6 8. h3
Bh5 9. Be2 Bd6 10. O-O O-O 11. Ne5 Bxe2 12. Qxe2 Rc8 13. c3 Qe7 14. a4 Nd7 15.
c4 f6 16. Nd3 Rfe8 17. cxd5 exd5 18. Qf3 Qf7 19. Rfc1 Nf8 20. Kh1 Rcd8 21. Qd1
Qg6 22. Nf3 Ne6 23. Qd2 Qf7 24. b4 Ne7 25. b5 Ng6 26. Ba3 Bb8 27. Rc2 Ngf4 28.
Nxf4 Nxf4 29. Ng1 Qg6 30. g3 Ne6 31. h4 Nxd4 32. Rc3 Nf5 33. Re1 Rxe1 34. Qxe1
Qe8 35. Qxe8+ Rxe8 36. Kg2 Kf7 37. h5 g6 38. hxg6+ hxg6 39. Rd3 Ke6 40. Nf3 Be5
41. g4 Nd6 42. g5 Nc4 43. gxf6 Bxf6 44. Bc5 b6 45. Bd4 Be7 46. Bc3 Bc5 47. Nd4+
Bxd4 48. Bxd4 Re7 49. Bc3 Rf7 50. Rg3 Kf5 51. Rf3+ Ke6 52. Rg3 Kf5 1/2-1/2

[Event "DBMM 2015 (XV.)"]
[Site "München"]
[Date "2015.10.24"]
[Round "6.2"]
[White "Eisermann, Daniel"]
[Black "Fischer, Alexander"]
[Result "1/2-1/2"]
[WhiteElo "1959"]
[BlackElo "2043"]
[PlyCount "50"]
[EventDate "2015.10.??"]
[EventType "swiss"]
[EventRounds "7"]
[EventCountry "GER"]
[SourceDate "2015.10.22"]
[WhiteTeam "SV Osram Berlin"]
[BlackTeam "Commerzbank/AGI Frankfurt II"]
[WhiteTeamCountry "GER"]
[BlackTeamCountry "GER"]

1. e4 c6 2. d4 d5 3. exd5 cxd5 4. Bd3 Nc6 5. c3 Qc7 6. Ne2 Bg4 7. f3 Bh5 8. Bf4
Qd7 9. O-O e6 10. Re1 Bd6 11. Bxd6 Qxd6 12. Ng3 Bg6 13. Nf5 Bxf5 14. Bxf5 Nf6
15. Bc2 Nh5 16. Qe2 O-O-O 17. Nd2 g5 18. b4 Rdg8 19. b5 Ne7 20. Qe5 Qxe5 21.
Rxe5 Kb8 22. Re3 Nc8 23. a4 Nd6 24. Bd3 Rc8 25. Rc1 Rc7 1/2-1/2

[Event "DBMM 2015 (XV.)"]
[Site "München"]
[Date "2015.10.24"]
[Round "6.3"]
[White "Lutterbey, Ralf"]
[Black "Mueller, Gerd"]
[Result "1/2-1/2"]
[WhiteElo "1882"]
[BlackElo "1820"]
[PlyCount "67"]
[EventDate "2015.10.??"]
[EventType "swiss"]
[EventRounds "7"]
[EventCountry "GER"]
[SourceDate "2015.10.22"]
[WhiteTeam "Commerzbank/AGI Frankfurt II"]
[BlackTeam "SV Osram Berlin"]
[WhiteTeamCountry "GER"]
[BlackTeamCountry "GER"]

1. e4 c5 2. Nf3 d6 3. Nc3 Nf6 4. h3 g6 5. d4 cxd4 6. Nxd4 Bg7 7. Be3 O-O 8. Qd2
Nc6 9. O-O-O Nxd4 10. Bxd4 Bd7 11. f3 Rc8 12. g4 Qa5 13. g5 Ne8 14. Kb1 Bxd4
15. Qxd4 Qxg5 16. h4 Qc5 17. h5 Nf6 18. hxg6 hxg6 19. Qd2 Nh5 20. Bd3 Kg7 21.
f4 Rh8 22. f5 Qe5 23. Rdg1 Nf4 24. fxg6 fxg6 25. Nd5 Nxd5 26. exd5 Bf5 27. Bxf5
Qxf5 28. b3 Rxh1 29. Rxh1 Rh8 30. Re1 Kf8 31. Qe2 Qd7 32. Qe4 Rg8 33. Rf1+ Ke8
34. Rg1 1/2-1/2

[Event "DBMM 2015 (XV.)"]
[Site "München"]
[Date "2015.10.24"]
[Round "6.4"]
[White "Riess, Bernhard"]
[Black "Brauer, Frank"]
[Result "0-1"]
[WhiteElo "1574"]
[BlackElo "1861"]
[PlyCount "60"]
[EventDate "2015.10.??"]
[EventType "swiss"]
[EventRounds "7"]
[EventCountry "GER"]
[SourceDate "2015.10.22"]
[WhiteTeam "SV Osram Berlin"]
[BlackTeam "Commerzbank/AGI Frankfurt II"]
[WhiteTeamCountry "GER"]
[BlackTeamCountry "GER"]

1. d4 Nf6 2. c4 c5 3. d5 b5 4. cxb5 a6 5. bxa6 g6 6. Nc3 Bxa6 7. g3 d6 8. Bg2
Bg7 9. Nf3 O-O 10. O-O Nbd7 11. Re1 Qa5 12. e4 Ng4 13. h3 Nge5 14. Nxe5 Nxe5
15. Bf1 Rfb8 16. f4 Nd7 17. Be3 Rxb2 18. Ne2 Qb4 19. Rb1 Qxe4 20. Bf2 Rxb1 21.
Qxb1 Qxb1 22. Rxb1 Bxe2 23. Bxe2 Rxa2 24. Bb5 Nf6 25. Rb3 Ne4 26. Rf3 Nxf2 27.
Bc4 Rb2 28. Ra3 Bd4 29. Ra8+ Kg7 30. Kg2 Ne4+ 0-1